00265nam a22000857a 4500008004100000082002000041245005200061260005700113300000900170230606b xxu||||| |||| 00| 0 eng d a333.967621bGOK aStrategic Planb2008-2012cGovernment of Kenya  aKenyabMinistry of East African CommunitycJuly 2009 a76 p